000 00751nam a22002057a 4500
999 _c178894
_d178894
005 20210426164357.0
010 _aENG-129478
020 _c395.00
_a978-93-88016-10-0
035 _aEN-113010
037 _bDBAD/PUB
082 _a150
100 _aChaube, S.P.
245 _aEssentials of General Psychology :
_bAn Analytical study of the Fundamental for Graduate and Post-Graduate Classes/
_cS.P. Chaube, Akhilesh Chaube
250 _a2019
260 _aHyderabad
_bNeelkamal Publications Pvt. Ltd.
_c2019
270 _aSultan Bazar, Hyderabad
_bHyderabad
_e500095
_k24757140
_mneelkamalbooks@gmail.com
300 _a443.p
_c24cm(hbk)
_bBibliography, Index, Glossary
700 _aChaube, Akhilesh
942 _2ddc
_cEN
_h150
_mCHA